Republicans Still In The US Presidential Race - Statistics

General Stats
  • This quiz has been taken 49 times
  • The average score is 6 of 9
Answer Stats
contender % Correct
Donald Trump
100%
Ted Cruz
94%
Marco Rubio
89%
Jeb Bush
77%
Ben Carson
66%
John Kasich
64%
Chris Christie
60%
Carly Fiorina
49%
James Gilmore
21%
No matching quizzes found
Score Distribution
Percent of People with Each Score
Percentile by Number Answered
Your Score History
You have not taken this quiz